| 000 | 00520nam a22001817a 4500 | ||
|---|---|---|---|
| 003 | CEME | ||
| 005 | 20210628203141.0 | ||
| 008 | 210122b xxu||||| |||| 00| 0 eng d | ||
| 020 | _a0-387-97234-X | ||
| 040 | _c. | ||
| 082 | _a629.8312 NIJ | ||
| 100 |
_aNijmeijer, Henk, Van Der Schaft, A.J _963636 |
||
| 245 | _aNonlinear dynamical control systems | ||
| 260 |
_aNEW YORK _bSPRINGER _c1990 |
||
| 300 | _aXIII,467 P | ||
| 650 |
_aCONTROL THEORY.NONLINEAR THEORIES. GEOMETRY DIFFERENTIAL _963637 |
||
| 942 |
_cBK _2ddc |
||
| 999 |
_c572393 _d572393 |
||